[Event "C.to Provinciale CO"]
[Site "Mariano Comense ITA"]
[Date "2008.01.27"]
[Round "5"]
[White "Pede, Lucio"]
[Black "Coppola, Guido"]
[Result "1/2-1/2"]
[WhiteElo "1664"]
[BlackElo "2065"]
[PlyCount "115"]
[EventDate "2008.01.19"]

1. e4 c5 2. Nc3 d6 3. b3 Nf6 4. Bb2 e6 5. Nf3 Be7 6. e5 dxe5 7. Bb5+ Nbd7 8.
Nxe5 O-O 9. Nxd7 Bxd7 10. Bxd7 Qxd7 11. O-O Rfd8 12. d3 Qc6 13. Qe2 b5 14. Ne4
Nxe4 15. dxe4 c4 16. bxc4 bxc4 17. Bc3 Rd7 18. f3 e5 19. Kh1 f6 20. Rfd1 Rad8
21. Rxd7 Rxd7 22. Rd1 Rxd1+ 23. Qxd1 Bc5 24. h3 Kf7 25. Qd2 Qb7 26. Qd1 Ke7 27.
Kh2 Qc6 28. Qb1 Qd6 29. Qb7+ Qd7 30. Qa6 Qc7 31. Qb5 Bb6 32. Bb4+ Kf7 33. Qd5+
Kg6 34. Kg3 Qf7 35. Qc6 Be3 36. Qc8 h5 37. Qf5+ Kh6 38. Qc8 Qg6+ 39. Kh2 Bf4+
40. Kg1 Qg3 41. Qh8+ Kg6 42. Qe8+ Kg5 43. Qd7 g6 44. Qxa7 Qh2+ 45. Kf1 Qh1+ 46.
Qg1 Qxg1+ 47. Kxg1 Be3+ 48. Kf1 Kf4 49. a4 Bd4 50. Be7 f5 51. exf5 gxf5 52. Bd8
e4 53. fxe4 Kxe4 54. a5 Kd5 55. Ke2 Kc6 56. Kf3 Be5 57. Ke3 Kb5 58. Kf3 1/2-1/2

[Event "C.to Provinciale CO"]
[Site "Mariano Comense ITA"]
[Date "2008.01.27"]
[Round "5"]
[White "Poletto, Daniele"]
[Black "Mason, Giovanni"]
[Result "1-0"]
[WhiteElo "1804"]
[BlackElo "1562"]
[PlyCount "63"]
[EventDate "2008.01.19"]

1. c4 e6 2. Nf3 Nf6 3. g3 g6 4. Bg2 Bg7 5. O-O O-O 6. Nc3 c6 7. d3 Ne8 8. Bg5
f6 9. Be3 Na6 10. Qd2 d6 11. Bh6 Qe7 12. Bxg7 Nxg7 13. a3 Nc5 14. Rab1 e5 15.
b4 Nce6 16. b5 Bd7 17. a4 Rae8 18. e3 Nc5 19. d4 exd4 20. Nxd4 Nf5 21. bxc6
Bxc6 22. Nxc6 bxc6 23. Bxc6 Qc7 24. Bxe8 Rxe8 25. Qd5+ Qf7 26. Qxf7+ Kxf7 27.
Rfd1 g5 28. Rd5 Ke6 29. Rbd1 Rd8 30. Rxc5 Rd7 31. Rc6 Ne7 32. Ra6 1-0

[Event "C.to Provinciale CO"]
[Site "Mariano Comense ITA"]
[Date "2008.01.27"]
[Round "5"]
[White "Revinelli, Sergio"]
[Black "Lancianese, Giuseppe"]
[Result "1/2-1/2"]
[WhiteElo "1860"]
[BlackElo "1806"]
[PlyCount "48"]
[EventDate "2008.01.19"]

1. e4 d5 2. exd5 Nf6 3. d4 Nxd5 4. c4 Nf6 5. Nf3 e6 6. Be2 Be7 7. O-O O-O 8.
Ne5 c5 9. dxc5 Bxc5 10. Bg5 Be7 11. Bf3 Qc7 12. Qe2 Nbd7 13. Bf4 Bd6 14. Nxd7
Nxd7 15. Bxd6 Qxd6 16. Nc3 a6 17. Rfd1 Qe7 18. Rd2 Nf6 19. Qe5 Ra7 20. Rad1 b6
21. Rd6 Bb7 22. Rxb6 Bxf3 23. gxf3 Nd7 24. Qe3 Nxb6 1/2-1/2

[Event "C.to Provinciale CO"]
[Site "Mariano Comense ITA"]
[Date "2008.01.27"]
[Round "5"]
[White "Rossi, Giampiero"]
[Black "Liscio, Giovanni"]
[Result "1/2-1/2"]
[WhiteElo "2003"]
[BlackElo "2036"]
[PlyCount "105"]
[EventDate "2008.01.19"]

1. d4 Nf6 2. c4 g6 3. g3 Bg7 4. Bg2 d5 5. cxd5 Nxd5 6. e4 Nb6 7. Ne2 Nc6 8. d5
Ne5 9. O-O O-O 10. Nbc3 e6 11. f4 Nec4 12. b3 Nd6 13. Ba3 Re8 14. Bxd6 Qxd6 15.
e5 Qc5+ 16. Qd4 Bf8 17. Ne4 Qxd4+ 18. Nxd4 Nxd5 19. Rac1 c6 20. Rfd1 Be7 21.
Kf2 Rd8 22. Ne2 Bd7 23. Nc5 Bc8 24. Be4 b6 25. Na4 Bb7 26. Rc2 Rac8 27. Rcd2
Kg7 28. Kf3 c5 29. Nac3 Nxc3 30. Nxc3 Ba6 31. Rxd8 Rxd8 32. Rxd8 Bxd8 33. Ke3
f6 34. Bd3 Bc8 35. Nb5 fxe5 36. Nxa7 exf4+ 37. gxf4 Bb7 38. Be4 Ba6 39. Nc6 Bc7
40. b4 Kf6 41. bxc5 bxc5 42. h4 e5 43. Nxe5 Bxe5 44. fxe5+ Kxe5 45. h5 Kf6 46.
hxg6 hxg6 47. a4 g5 48. a5 Ke5 49. Bf3 Kf5 50. Be2 c4 51. Kd4 g4 52. Bxc4 Bxc4
53. Kxc4 1/2-1/2

[Event "C.to Provinciale CO"]
[Site "Mariano Comense ITA"]
[Date "2008.01.27"]
[Round "5"]
[White "Turati, Pierangelo"]
[Black "Corti, Filippo"]
[Result "1/2-1/2"]
[WhiteElo "1440"]
[BlackElo "1592"]
[PlyCount "86"]
[EventDate "2008.01.19"]

1. c4 Nf6 2. Nf3 g6 3. Nc3 Bg7 4. e4 d6 5. d4 O-O 6. h3 Nbd7 7. Be3 e5 8. d5 b6
9. Be2 Nc5 10. Nd2 a5 11. O-O Nfd7 12. f4 exf4 13. Bxf4 Ne5 14. Nf3 Qe7 15.
Nxe5 Bxe5 16. Bxe5 Qxe5 17. Qc2 Re8 18. Rae1 Bd7 19. Bf3 Re7 20. Qf2 Nd3 21.
Qd2 Nxe1 22. Rxe1 Rae8 23. Kf2 Qg7 24. g4 f5 25. gxf5 Bxf5 26. Bg2 Bd7 27. Ke3
Qh6+ 28. Kd3 Qxd2+ 29. Kxd2 Rf8 30. Re2 Ref7 31. Ke3 g5 32. a3 a4 33. Nd1 h5
34. Kd4 g4 35. hxg4 Bxg4 36. Rd2 Bxd1 37. Rxd1 Rf2 38. Bh3 Rxb2 39. Rg1+ Kh8
40. Bf5 Rxf5 41. exf5 Rf2 42. Rg5 Rf4+ 43. Ke3 Rf1 1/2-1/2

[Event "C.to Provinciale CO"]
[Site "Mariano Comense ITA"]
[Date "2008.01.27"]
[Round "6"]
[White "Agrifoglio, Fabio"]
[Black "Turati, Pierangelo"]
[Result "1-0"]
[WhiteElo "1995"]
[BlackElo "1440"]
[PlyCount "83"]
[EventDate "2008.01.19"]

1. d4 d5 2. c4 dxc4 3. e3 Nf6 4. Bxc4 e6 5. Nf3 c5 6. O-O Nc6 7. Nc3 cxd4 8.
exd4 Be7 9. Bf4 O-O 10. a3 a6 11. Ba2 b5 12. d5 exd5 13. Bxd5 Nxd5 14. Nxd5 Be6
15. Nc7 Qxd1 16. Rfxd1 Ra7 17. Nxe6 fxe6 18. Bd6 Rd8 19. Bxe7 Rxd1+ 20. Rxd1
Nxe7 21. Rd8+ Kf7 22. Ne5+ Kf6 23. f4 g5 24. Rf8+ Kg7 25. Rf7+ Kg8 26. fxg5 Rc7
27. Rf1 Rc2 28. Nd3 Rd2 29. Nc5 Re2 30. Nxa6 Rxb2 31. Nc7 Re2 32. h4 Nf5 33.
Nxe6 Rxe6 34. Rxf5 Ra6 35. Rf3 Kg7 36. Kf2 Kg6 37. Rf6+ Rxf6+ 38. gxf6 Kxf6 39.
g4 h6 40. Kf3 Kg6 41. Ke4 Kf6 42. Kd5 1-0

[Event "C.to Provinciale CO"]
[Site "Mariano Comense ITA"]
[Date "2008.01.27"]
[Round "6"]
[White "Buonocore, Elio"]
[Black "Guzzetti, Luigi Enrico"]
[Result "1/2-1/2"]
[WhiteElo "2166"]
[BlackElo "1933"]
[PlyCount "140"]
[EventDate "2008.01.19"]

1. e4 c5 2. c3 e6 3. d4 d5 4. e5 Nc6 5. Nf3 Qb6 6. a3 Nge7 7. dxc5 Qc7 8. Bb5
Bd7 9. Qe2 Ng6 10. Bxc6 Bxc6 11. b4 a6 12. Qe3 h5 13. O-O h4 14. Re1 Ne7 15.
Nd4 g6 16. f4 h3 17. g3 Nf5 18. Qf2 Be7 19. Nd2 b6 20. cxb6 Qxb6 21. Nxf5 Qxf2+
22. Kxf2 gxf5 23. Nb3 Ba4 24. Nd4 Rc8 25. Bd2 Kd7 26. Rec1 Rc4 27. Ne2 Bd8 28.
Be3 Be7 29. Bd4 Kc6 30. Ng1 Bd8 31. Nf3 Kb5 32. Ke3 Be7 33. Kd3 Rhc8 34. Be3
Kc6 35. Nd2 Re4 36. Nxe4 fxe4+ 37. Kd2 Bb3 38. a4 Bc4 39. Bd4 Rb8 40. Rab1 Bd3
41. Rb2 Kd7 42. Ke3 a5 43. b5 Ba3 44. Rbb1 Bxc1+ 45. Rxc1 Rc8 46. Ra1 Kc7 47.
Ra2 Kb7 48. f5 Rc4 49. fxe6 fxe6 50. g4 Rc7 51. Rf2 Rg7 52. Kf4 Bc4 53. Kg3 Bb3
54. Kxh3 Bxa4 55. Ra2 Bxb5 56. Rxa5 Kc6 57. Ra7 Rg6 58. Kg3 Be2 59. h3 Kb5 60.
Rc7 Bf3 61. Rf7 Bd1 62. Rf6 Rg7 63. Rxe6 Kc4 64. Kf4 Rh7 65. Kg3 Kd3 66. Rd6 e3
67. Bxe3 Kxe3 68. Rxd5 Bb3 69. Rb5 Bc4 70. Rb6 Re7 1/2-1/2

[Event "C.to Provinciale CO"]
[Site "Mariano Comense ITA"]
[Date "2008.01.27"]
[Round "6"]
[White "Coppola, Guido"]
[Black "Lancianese, Giuseppe"]
[Result "1-0"]
[WhiteElo "2065"]
[BlackElo "1806"]
[PlyCount "105"]
[EventDate "2008.01.19"]

1. e4 d5 2. exd5 Nf6 3. Nf3 Nxd5 4. d4 e6 5. a3 Be7 6. Bd3 Nf6 7. O-O O-O 8. b3
b6 9. Nbd2 Bb7 10. Bb2 Qd5 11. Re1 Nbd7 12. Ne4 Qh5 13. Ng3 Bxf3 14. Nxh5 Bxd1
15. Nxf6+ Bxf6 16. Raxd1 c5 17. Bb5 Rad8 18. c3 cxd4 19. cxd4 Nb8 20. a4 Rc8
21. g3 Rfd8 22. Rd2 Nc6 23. Red1 Nb4 24. Bc4 Nd5 25. Ba1 Bg5 26. Re2 Bf6 27. h4
g6 28. Rd3 Bg7 29. Rd1 Rc7 30. Kf1 Kf8 31. Bb2 Kg8 32. Red2 Bh6 33. Rd3 Bg7 34.
Ba3 h5 35. Ke2 Bf8 36. Bxf8 Kxf8 37. Bxd5 exd5 38. Re3 Re8 39. Rxe8+ Kxe8 40.
Kd3 Kd7 41. Re1 Kd6 42. f3 a5 43. Re8 Re7 44. Rxe7 Kxe7 45. Ke3 Ke6 46. Kf4 f5
47. Kg5 Kf7 48. Kh6 Kf6 49. f4 Kf7 50. Kh7 Kf6 51. Kg8 g5 52. hxg5+ Kg6 53. Kf8
1-0

[Event "C.to Provinciale CO"]
[Site "Mariano Comense ITA"]
[Date "2008.01.27"]
[Round "6"]
[White "Corti, Filippo"]
[Black "Bernasconi, Roberto"]
[Result "0-1"]
[WhiteElo "1592"]
[BlackElo "1940"]
[PlyCount "120"]
[EventDate "2008.01.19"]

1. Nf3 d5 2. g3 Bf5 3. Bg2 Nf6 4. d3 h6 5. Nbd2 c6 6. O-O e6 7. b3 Be7 8. Bb2
Nbd7 9. Re1 O-O 10. e4 dxe4 11. dxe4 Bg4 12. h3 Bh5 13. e5 Nd5 14. a3 Qc7 15.
c4 N5b6 16. Ne4 c5 17. Nc3 a6 18. Qe2 Rad8 19. Rad1 Nb8 20. g4 Bg6 21. Ne4 Bxe4
22. Qxe4 Nc6 23. h4 Rxd1 24. Rxd1 Rd8 25. Re1 Nd7 26. g5 hxg5 27. hxg5 Nf8 28.
Qg4 Ng6 29. Qg3 Rd3 30. Re3 Qd8 31. Nh4 Rxe3 32. fxe3 Nxh4 33. Qxh4 Bxg5 34.
Qh3 Qd2 35. Qg3 Bxe3+ 36. Kh1 Bd4 37. Bxd4 Qxd4 38. Bxc6 bxc6 39. Qf3 Qxe5 40.
Qxc6 Qa1+ 41. Kg2 Qb2+ 42. Kf1 Qxa3 43. Qe8+ Kh7 44. Qxf7 Qa1+ 45. Ke2 Qb2+ 46.
Ke1 Qc3+ 47. Ke2 Qc2+ 48. Ke1 Qf5 49. Qb7 Kh6 50. Qxa6 g5 51. Qa8 g4 52. Qh8+
Kg5 53. Qd8+ Kf4 54. Qd2+ Ke5 55. Qc3+ Kd6 56. Qd2+ Kc6 57. Qg2+ Qf3 58. Qxf3+
gxf3 59. Kf2 Kb6 60. Kxf3 Ka5 0-1

[Event "C.to Provinciale CO"]
[Site "Mariano Comense ITA"]
[Date "2008.01.27"]
[Round "6"]
[White "Gonella, Graziano"]
[Black "Gonella, Daniele"]
[Result "0-1"]
[WhiteElo "1260"]
[BlackElo "1473"]
[PlyCount "46"]
[EventDate "2008.01.19"]

1. d4 d5 2. Nf3 Bf5 3. e3 c5 4. Bd3 Bxd3 5. Qxd3 cxd4 6. Nxd4 e5 7. Qb5+ Qd7 8.
Qxd7+ Nxd7 9. Nf5 Ngf6 10. O-O Bc5 11. Re1 O-O 12. Nc3 Bb4 13. Bd2 g6 14. Nh6+
Kg7 15. a3 Bxc3 16. Bxc3 Kxh6 17. Rad1 Nb6 18. Bb4 Rfc8 19. Bc3 Re8 20. b3 Rac8
21. Rd3 d4 22. exd4 exd4 23. Bxd4 Rxe1# 0-1

[Event "C.to Provinciale CO"]
[Site "Mariano Comense ITA"]
[Date "2008.01.27"]
[Round "6"]
[White "Lipari, Alberto"]
[Black "Boffi, Luigi"]
[Result "1-0"]
[WhiteElo "1506"]
[BlackElo "1596"]
[PlyCount "115"]
[EventDate "2008.01.19"]

1. d4 Nf6 2. c4 e6 3. Nc3 d5 4. e3 c5 5. Nf3 Be7 6. Bd3 O-O 7. Qc2 Nc6 8. Bd2
Nb4 9. Qb1 Nxd3+ 10. Qxd3 cxd4 11. exd4 dxc4 12. Qxc4 Bd7 13. O-O Rc8 14. Qd3
Bc6 15. Ne5 a6 16. a4 Bb4 17. Nxc6 Rxc6 18. Be3 Qd6 19. f4 Bxc3 20. bxc3 Nd5
21. Bd2 Rfc8 22. Rac1 Nb6 23. f5 exf5 24. Rxf5 Rc5 25. Bf4 Qd7 26. Rxc5 Rxc5
27. Qg3 Rc6 28. Re1 h6 29. a5 Nc4 30. Rd1 Nxa5 31. d5 Rg6 32. Qe1 Nc4 33. Rd4
Nd6 34. c4 Qc7 35. Qe5 Qb6 36. Be3 Qb1+ 37. Kf2 Qb2+ 38. Ke1 Qc3+ 39. Bd2 Qa1+
40. Kf2 Rf6+ 41. Bf4 Qb2+ 42. Kg3 Rg6+ 43. Kh4 Qf2+ 44. Bg3 Nf5+ 45. Kh3 Nxg3
46. hxg3 Qg1 47. g4 Qh1+ 48. Kg3 Rg5 49. Qe8+ Kh7 50. d6 h5 51. Qe3 Rg6 52. d7
h4+ 53. Kf2 Rf6+ 54. Rf4 Rd6 55. Rxf7 Rd1 56. Qe4+ Kh6 57. Qf4+ Kh7 58. Qf5+
1-0

[Event "C.to Provinciale CO"]
[Site "Mariano Comense ITA"]
[Date "2008.01.27"]
[Round "6"]
[White "Liscio, Giovanni"]
[Black "Bove, Enzo"]
[Result "1-0"]
[WhiteElo "2036"]
[BlackElo "2000"]
[PlyCount "99"]
[EventDate "2008.01.19"]

1. d4 d5 2. c4 c6 3. Nc3 Nf6 4. e3 g6 5. Bd3 Bg7 6. Nge2 O-O 7. O-O Nbd7 8.
cxd5 cxd5 9. b3 e5 10. dxe5 Nxe5 11. Bb2 Nfg4 12. Nf4 d4 13. exd4 Qxd4 14. Be4
Qc5 15. Qd5 Qe7 16. Rae1 Rd8 17. Qb5 a6 18. Qe2 Nxh2 19. Kxh2 Qh4+ 20. Nh3 Bxh3
21. gxh3 Qf4+ 22. Kh1 Rd2 23. Bc1 Qh4 24. Bxd2 Qxh3+ 25. Kg1 Ng4 26. Bf4 Bxc3
27. Bg2 Qh4 28. Bg3 Qg5 29. Rd1 h5 30. Rd5 Qf6 31. Rfd1 Kg7 32. Rd7 Be5 33.
Bxe5 Nxe5 34. Rxb7 Re8 35. Qd2 Ng4 36. Qd4 Re5 37. Rd7 Qh4 38. Qf4 Rf5 39. Qg3
Qg5 40. R7d2 h4 41. Qc3+ Kh7 42. Rd8 Ne5 43. Qc8 Nf3+ 44. Kh1 Qf6 45. Qd7 Ng5
46. Qe8 Qg7 47. R1d4 Ne6 48. Rxh4+ Rh5 49. Rxh5+ gxh5 50. Be4+ 1-0

[Event "C.to Provinciale CO"]
[Site "Mariano Comense ITA"]
[Date "2008.01.27"]
[Round "6"]
[White "Mason, Giovanni"]
[Black "Napoli, Ferdinando"]
[Result "1/2-1/2"]
[WhiteElo "1562"]
[BlackElo "1802"]
[PlyCount "80"]
[EventDate "2008.01.19"]

1. e4 c5 2. c4 d6 3. Nf3 Nc6 4. Be2 g6 5. O-O Bg7 6. Nc3 Nf6 7. d3 O-O 8. h3 a6
9. Be3 Qc7 10. Qd2 e6 11. Bh6 b6 12. g4 Rd8 13. Bxg7 Kxg7 14. Nh2 Nd4 15. f4
Bb7 16. Nf3 Nxe2+ 17. Nxe2 Qe7 18. Qc3 e5 19. fxe5 dxe5 20. g5 Nd7 21. h4 Re8
22. Nf4 Kg8 23. Nd5 Bxd5 24. exd5 b5 25. b3 b4 26. Qe1 e4 27. Qxe4 Qxe4 28.
dxe4 Rxe4 29. Rfe1 Rae8 30. Rxe4 Rxe4 31. Re1 Rxe1+ 32. Nxe1 f5 33. Nd3 Kf7 34.
Kf2 Ke7 35. Kf3 Kd6 36. Kf4 a5 37. Kf3 Nb6 38. Kf4 a4 39. Ne5 a3 40. Nd3 Nxc4
1/2-1/2

[Event "C.to Provinciale CO"]
[Site "Mariano Comense ITA"]
[Date "2008.01.27"]
[Round "6"]
[White "Moioli, Ferruccio"]
[Black "Rizzi, Pierantonio"]
[Result "1-0"]
[WhiteElo "1566"]
[BlackElo "1389"]
[PlyCount "95"]
[EventDate "2008.01.19"]

1. d4 d5 2. Nc3 e6 3. a3 Nf6 4. Bg5 Be7 5. e3 Ne4 6. Nxe4 dxe4 7. Bxe7 Qxe7 8.
Bc4 O-O 9. Ne2 c6 10. Nf4 b5 11. Ba2 Nd7 12. O-O Nf6 13. c4 bxc4 14. Bxc4 Nd5
15. Ne2 a5 16. Qc2 Nf6 17. Ng3 Ba6 18. Bxa6 Rxa6 19. Nxe4 Nxe4 20. Qxe4 Qd6 21.
Rab1 Raa8 22. Rfc1 Rfc8 23. Rc5 f5 24. Qf3 g6 25. Rbc1 Ra6 26. g3 Kg7 27. b4
Qd7 28. b5 Rb6 29. bxc6 Qd6 30. c7 a4 31. R1c4 Rb1+ 32. Kg2 h5 33. h4 Qb6 34.
Qc6 Qb7 35. Qxb7 Rxb7 36. Kf3 Kf7 37. Kf4 Kf6 38. Rc6 Ra7 39. d5 Ra5 40. Rxe6+
Kf7 41. Rb6 Ra7 42. d6 Ke6 43. Rb8 Ra8 44. Rxa8 Rxa8 45. c8=Q+ Rxc8 46. Rxc8
Kxd6 47. Ra8 Ke6 48. Rxa4 1-0

[Event "C.to Provinciale CO"]
[Site "Mariano Comense ITA"]
[Date "2008.01.27"]
[Round "6"]
[White "Pede, Lucio"]
[Black "Bellotto, Stefano"]
[Result "0-1"]
[WhiteElo "1664"]
[BlackElo "1993"]
[PlyCount "86"]
[EventDate "2008.01.19"]

1. e4 d6 2. d4 Nf6 3. Nc3 g6 4. f4 Bg7 5. Be3 O-O 6. Qd2 Ng4 7. Bd3 Nxe3 8.
Qxe3 Nc6 9. Nge2 e5 10. dxe5 dxe5 11. f5 Nd4 12. g4 Qh4+ 13. Qf2 Qxg4 14. f6
Nf3+ 15. Kd1 Bh6 16. h3 Qg5 17. Ng3 Nd4 18. Rg1 Qe3 19. Qxe3 Bxe3 20. Rh1 Be6
21. Nd5 Bxd5 22. exd5 Rad8 23. c3 Bf4 24. Ne4 Nf5 25. c4 c6 26. Nc3 Ne3+ 27.
Ke2 cxd5 28. cxd5 Nxd5 29. Nxd5 Rxd5 30. Raf1 Rfd8 31. Rf3 R5d6 32. h4 h5 33.
Rd1 Rxf6 34. b3 Rfd6 35. a4 Rd4 36. Rff1 Bg3 37. Bc4 Rxd1 38. Rxf7 Kh8 39. Rxb7
R1d7 40. Rb5 Bf4 41. Ra5 e4 42. Ra6 Kg7 43. Re6 Rd2+ 0-1

[Event "C.to Provinciale CO"]
[Site "Mariano Comense ITA"]
[Date "2008.01.27"]
[Round "6"]
[White "Rossi, Giampiero"]
[Black "Crippa, Gabriele"]
[Result "1/2-1/2"]
[WhiteElo "2003"]
[BlackElo "2084"]
[PlyCount "90"]
[EventDate "2008.01.19"]

1. d4 Nf6 2. c4 d6 3. Nc3 Bf5 4. f3 e5 5. dxe5 dxe5 6. Qxd8+ Kxd8 7. e4 Be6 8.
Be3 c6 9. Nh3 Bxh3 10. gxh3 Nfd7 11. Be2 Bc5 12. Kf2 Na6 13. Rad1 Ke7 14. Rd2
Rhd8 15. Rhd1 Nf8 16. Rxd8 Rxd8 17. Rxd8 Kxd8 18. Bxc5 Nxc5 19. b4 Nce6 20. c5
Ng6 21. Bc4 Ngf4 22. h4 Ke7 23. Nd1 a5 24. a3 axb4 25. axb4 Nd4 26. Ne3 g6 27.
Kg3 h5 28. Kf2 f6 29. Kg3 Nde2+ 30. Kf2 Nd4 31. Kg3 Kd7 32. Kf2 Kc7 33. Bf1 b6
34. cxb6+ Kxb6 35. Nc4+ Kc7 36. Ne3 Kd7 37. Bc4 Ke7 38. Bf1 Nb5 39. Bxb5 cxb5
40. Nc2 Kd6 41. Kg3 Nd3 42. Na3 Kc6 43. Nc2 f5 44. Kg2 f4 45. Kf1 Nb2 1/2-1/2

[Event "C.to Regionale Molise"]
[Site "Campobasso ITA"]
[Date "2008.01.19"]
[Round "1"]
[White "Bottega, Antonio"]
[Black "Patriarchi, Emanuele"]
[Result "1-0"]
[WhiteElo "1953"]
[BlackElo "1455"]
[PlyCount "83"]
[EventDate "2008.01.19"]

1. e4 e5 2. Nf3 Nf6 3. Nxe5 Qe7 4. d4 d6 5. Nc4 Qxe4+ 6. Ne3 Be7 7. Nc3 Qe6 8.
Bc4 Qd7 9. O-O O-O 10. Re1 c6 11. a4 d5 12. Bd3 Bd6 13. Nf5 Qc7 14. Nxd6 Qxd6
15. b3 Re8 16. Rxe8+ Nxe8 17. Ba3 Qd8 18. Qh5 Nf6 19. Qh4 Be6 20. Bxh7+ Kh8 21.
Bf5+ Kg8 22. Bxe6 fxe6 23. Re1 Qd7 24. Qh3 Kf7 25. Qh8 Qe8 26. Qh3 Nbd7 27. f4
g6 28. Bd6 Nb6 29. a5 Nbd7 30. b4 a6 31. Nd1 Rd8 32. Nf2 Nb8 33. Be5 Qh8 34.
Qe3 Qe8 35. Bxf6 Kxf6 36. Ng4+ Kf7 37. Nh6+ Kg7 38. Qe5+ Kxh6 39. Re3 Kh7 40.
Rh3+ Kg8 41. Qh8+ Kf7 42. Rh7# 1-0

[Event "C.to Regionale Molise"]
[Site "Campobasso ITA"]
[Date "2008.01.19"]
[Round "1"]
[White "Capone, Franco"]
[Black "Ramacciato, Emanuele"]
[Result "1-0"]
[WhiteElo "1580"]
[BlackElo "1356"]
[PlyCount "51"]
[EventDate "2008.01.19"]

1. d4 d5 2. c4 dxc4 3. Nf3 Bf5 4. e3 e6 5. Bxc4 Bb4+ 6. Bd2 Bd6 7. O-O Nf6 8.
Bc3 Ne4 9. Nbd2 O-O 10. Nxe4 Bxe4 11. Bd3 Bf5 12. Bxf5 exf5 13. Rc1 Nc6 14. a3
b6 15. d5 Na5 16. b4 Nc4 17. Qd4 f6 18. Qxc4 Rc8 19. Qd3 f4 20. Qe4 c5 21. dxc6
Rc7 22. Qd5+ Kh8 23. Rfd1 Re8 24. Qxd6 Qc8 25. b5 Rd8 26. Qxd8+ 1-0

[Event "C.to Regionale Molise"]
[Site "Campobasso ITA"]
[Date "2008.01.19"]
[Round "1"]
[White "Damiano, Giuseppe"]
[Black "Pirrone, Antonino"]
[Result "1-0"]
[WhiteElo "2081"]
[BlackElo "1487"]
[PlyCount "33"]
[EventDate "2008.01.19"]

1. e4 c6 2. d4 d5 3. Nd2 e6 4. Ngf3 Bd6 5. Bd3 f6 6. O-O Ne7 7. Re1 O-O 8. e5
fxe5 9. Bxh7+ Kxh7 10. Ng5+ Kh6 11. Nb3 Kg6 12. dxe5 Bc7 13. Qg4 Qe8 14. Nd4
Nf5 15. Ngxe6+ Kh7 16. Nxf5 Qf7 17. Ng5+ 1-0

[Event "C.to Regionale Molise"]
[Site "Campobasso ITA"]
[Date "2008.01.19"]
[Round "1"]
[White "Miozzi, Carmenzo"]
[Black "Petruccioli, Antonio"]
[Result "0-1"]
[WhiteElo "1512"]
[BlackElo "2104"]
[PlyCount "51"]
[EventDate "2008.01.19"]

1. d4 d5 2. Bf4 Nf6 3. e3 c6 4. Bd3 Bg4 5. f3 Bh5 6. c3 e6 7. Nd2 Bg6 8. e4
Nbd7 9. Ne2 dxe4 10. Nxe4 Nxe4 11. fxe4 Nf6 12. Ng3 Qb6 13. Rb1 Be7 14. O-O O-O
15. e5 Nd5 16. Ne4 c5 17. Bg5 cxd4 18. c4 Bxg5 19. Nxg5 Ne3 20. Qe2 Nxf1 21.
Rxf1 f6 22. Nxh7 Bxh7 23. Bxh7+ Kxh7 24. Qh5+ Kg8 25. Rf4 d3+ 26. Kh1 0-1

[Event "C.to Regionale Molise"]
[Site "Campobasso ITA"]
[Date "2008.01.19"]
[Round "1"]
[White "Ramacciato, Arnaldo"]
[Black "Palladino, Andrea"]
[Result "0-1"]
[WhiteElo "1458"]
[BlackElo "2013"]
[PlyCount "82"]
[EventDate "2008.01.19"]

1. d4 d5 2. Nf3 Nf6 3. e3 g6 4. Be2 Bg7 5. Nbd2 O-O 6. O-O b6 7. Ne5 Bb7 8. f4
c5 9. c3 Qc7 10. Qc2 Nbd7 11. Ndf3 Ne4 12. Bb5 Ndf6 13. Nh4 a6 14. Bd3 Rac8 15.
Qe2 c4 16. Bc2 b5 17. f5 g5 18. Nhf3 Qd6 19. Bxe4 Nxe4 20. b4 Nxc3 21. Qe1 Ne4
22. h4 f6 23. Ng4 h5 24. Ngh2 g4 25. Nd2 Qxb4 26. Nxe4 Qxe1 27. Nxf6+ Bxf6 28.
Rxe1 Bxh4 29. Re2 Rxf5 30. Ba3 Rcf8 31. Nf1 a5 32. g3 Bg5 33. Rc1 b4 34. Bb2 c3
35. Ba1 Ba6 36. Ree1 Bxf1 37. Rcd1 Bc4 38. a3 Rf2 39. axb4 axb4 40. Rc1 Ra2 41.
e4 Rff2 0-1

[Event "C.to Regionale Molise"]
[Site "Campobasso ITA"]
[Date "2008.01.19"]
[Round "1"]
[White "Spinnato, Sting Antonio"]
[Black "Chicco, Giancarlo"]
[Result "1/2-1/2"]
[WhiteElo "1437"]
[BlackElo "1601"]
[PlyCount "32"]
[EventDate "2008.01.19"]

1. d4 b6 2. Nf3 Bb7 3. Nbd2 g6 4. g3 Bg7 5. Bg2 e6 6. O-O d6 7. b3 Ne7 8. Bb2
Nd7 9. e4 O-O 10. c4 Nc5 11. Qc2 Nd7 12. d5 e5 13. Rfe1 a5 14. Bc3 h6 15. Bh3
Kh7 16. Nh4 Nc5 1/2-1/2

[Event "C.to Regionale Molise"]
[Site "Campobasso ITA"]
[Date "2008.01.20"]
[Round "2"]
[White "Carideo, Nazzareno"]
[Black "Damiano, Giuseppe"]
[Result "0-1"]
[WhiteElo "1566"]
[BlackElo "2081"]
[PlyCount "62"]
[EventDate "2008.01.19"]

1. d4 Nf6 2. Bg5 g6 3. Bxf6 exf6 4. e3 d5 5. h4 c6 6. h5 g5 7. Bd3 f5 8. a3 Bd6
9. c4 f4 10. c5 Bc7 11. Qe2 O-O 12. Kd2 b6 13. b4 bxc5 14. dxc5 Re8 15. Nf3
fxe3+ 16. fxe3 Qf6 17. Ra2 Bf4 18. Kc2 Rxe3 19. Qd1 Na6 20. Re1 Rxd3 21. Kxd3
Bf5+ 22. Ke2 g4 23. Nfd2 Re8+ 24. Kf2 Qd4+ 25. Kf1 Bd3+ 26. Re2 Bg3 27. Ne4
Rxe4 28. Qxd3 Qxd3 29. Nc3 Qxc3 30. Rxe4 Qd3+ 31. Ree2 Qd1+ 0-1

[Event "C.to Regionale Molise"]
[Site "Campobasso ITA"]
[Date "2008.01.20"]
[Round "2"]
[White "Chicco, Giancarlo"]
[Black "Terzano, Francesco"]
[Result "1/2-1/2"]
[WhiteElo "1601"]
[BlackElo "1488"]
[PlyCount "33"]
[EventDate "2008.01.19"]

1. b3 e5 2. Bb2 Nc6 3. g3 d5 4. Bg2 Nf6 5. e3 Bd6 6. d3 Be6 7. Ne2 Qd7 8. Nd2
O-O-O 9. a3 Bh3 10. Bf1 h5 11. Ng1 Bxf1 12. Nxf1 h4 13. Qe2 Qe7 14. Nf3 hxg3
15. Nxg3 Rh7 16. Nf5 Qe6 17. Nxd6+ 1/2-1/2

[Event "C.to Regionale Molise"]
[Site "Campobasso ITA"]
[Date "2008.01.20"]
[Round "2"]
[White "Palladino, Andrea"]
[Black "Di Salvo, Alessandro"]
[Result "1-0"]
[WhiteElo "2013"]
[BlackElo "1640"]
[PlyCount "47"]
[EventDate "2008.01.19"]

1. e4 e5 2. f4 exf4 3. Nf3 d6 4. Bc4 Bg4 5. O-O Nc6 6. d4 Qd7 7. Bxf4 f6 8. Nc3
a6 9. a4 Nge7 10. Qd2 g5 11. Be3 h5 12. Rae1 O-O-O 13. b4 Nxb4 14. Rb1 d5 15.
exd5 Nexd5 16. Nxd5 Nxd5 17. Qd3 Nxe3 18. Bxa6 Bxf3 19. Rxf3 c6 20. Rxb7 Qxb7
21. Bxb7+ Kxb7 22. Rxe3 Bc5 23. Qb3+ Bb6 24. a5 1-0

[Event "C.to Regionale Molise"]
[Site "Campobasso ITA"]
[Date "2008.01.20"]
[Round "2"]
[White "Patriarchi, Emanuele"]
[Black "Pirrone, Antonino"]
[Result "1-0"]
[WhiteElo "1455"]
[BlackElo "1487"]
[PlyCount "34"]
[EventDate "2008.01.19"]

1. d4 d5 2. Bf4 Bf5 3. e3 e6 4. Nf3 Nf6 5. Bd3 Bg4 6. Nbd2 c5 7. dxc5 Bxc5 8.
Nb3 Bb6 9. h3 Bh5 10. g4 Bg6 11. Bxb8 Qxb8 12. Bb5+ Ke7 13. Nh4 Be4 14. f3 Bg6
15. Nxg6+ hxg6 16. Kf2 Ne4+ 17. fxe4 Qf4+ 1-0

[Event "C.to Regionale Molise"]
[Site "Campobasso ITA"]
[Date "2008.01.20"]
[Round "2"]
[White "Petruccioli, Antonio"]
[Black "Bottega, Antonio"]
[Result "0-1"]
[WhiteElo "2104"]
[BlackElo "1953"]
[PlyCount "50"]
[EventDate "2008.01.19"]

1. e4 e6 2. d4 d5 3. e5 c5 4. c3 Nc6 5. Nf3 Qb6 6. a3 Bd7 7. b4 cxd4 8. cxd4
Rc8 9. Be2 Nxd4 10. Nxd4 Rxc1 11. Qxc1 Qxd4 12. Qc3 Qb6 13. O-O f6 14. Nd2 Be7
15. Rac1 fxe5 16. Qxe5 Nf6 17. Qb8+ Bd8 18. Nb3 O-O 19. Na5 Ne4 20. Bf3 Nxf2
21. Rxf2 Bh4 22. Qxf8+ Kxf8 23. g3 Bg5 24. Nxb7 Bxc1 25. Bh5+ Ke7 0-1

[Event "C.to Regionale Molise"]
[Site "Campobasso ITA"]
[Date "2008.01.20"]
[Round "2"]
[White "Ramacciato, Emanuele"]
[Black "Ramacciato, Arnaldo"]
[Result "0-1"]
[WhiteElo "1356"]
[BlackElo "1458"]
[PlyCount "74"]
[EventDate "2008.01.19"]

1. d4 Nf6 2. Nf3 d5 3. Bf4 e6 4. Nbd2 Bd6 5. Bg3 O-O 6. e3 Re8 7. Bd3 Nbd7 8.
Bxd6 cxd6 9. e4 Qa5 10. e5 dxe5 11. dxe5 Ng4 12. O-O Ngxe5 13. Qe2 Nxd3 14.
Qxd3 Nf6 15. Ne5 Qc7 16. Ndf3 Bd7 17. Nxd7 Qxd7 18. Ng5 e5 19. Rfe1 e4 20. Qh3
Qd6 21. Re3 h6 22. Qh4 hxg5 23. Qxg5 Re5 24. Qh4 Rh5 25. Qg3 Qe6 26. h3 Rc8 27.
c3 Rh6 28. Rd1 Rd8 29. Qc7 Qd7 30. Qa5 b6 31. Qa6 Nh5 32. Rd4 Nf4 33. Rexe4 Qc7
34. Rxf4 Re8 35. Rf3 Re1+ 36. Qf1 Rxf1+ 37. Kxf1 Re6 0-1